000 00936nam a22002297a 4500
001 50
005 20241129083650.0
008 230217b cb ||||| |||| 00| 0 eng d
040 _cFISKH
_aeng
_dFISKH
_eFISKH
082 _a900
100 _aSimoson, Margaret
245 _aMary Queen of Scot sand her hopeless husbands /
_cMargaret Simpson
260 _aLondon :
_bScholastic ;
_c2003.
300 _a208 pages :
_billustrations ;
_c20 cm.
490 _aHorribly Famous
520 _aMary Queen of Scots is dead famous for: having terrible taste in husbands, rotting away in Liz 1's prison and, totally losing her head - on the chopping block. This work presents the inside story. It lets readers discover some Prickly Thistle Facts about the Scottish Queen and her hopeless husbands.
521 _a1050
_bLexile
521 _aZ
_bRaz-Plus
650 _aMary Queen of Scots
_vnon-fiction
942 _2ddc
_cBK
_n0
999 _c50
_d50